Greece - Random 50+ Towns - Statistics

General Stats
  • This quiz has been taken 17 times
  • The average score is 20 of 58
Answers on the Map
Answers color-coded by a green-red scale on the quiz's map according to % correct below.
 
Answer Stats
Answer % Correct
Heraklion
92%
Chania
83%
Corfu
83%
Athens
75%
Thessaloniki
75%
Ioannina
67%
Zakynthos
67%
Alexandroupoli
58%
Karpathos
58%
Patras
58%
Chalcis
50%
Kalamata
50%
Kos
50%
Naxos
50%
Rodos
50%
Serres
50%
Drama
42%
Katerini
42%
Kavala
42%
Komotini
42%
Lamia
42%
Larisa
42%
Sparti
42%
Symi
42%
Tripoli
42%
Agrinio
33%
Arta
33%
Chios
33%
Fira
33%
Kozani
33%
Orestiada
33%
Samos
33%
Grevena
25%
Nafplion
25%
Oia
25%
Sitia
25%
Skyros
25%
Amaliada
17%
Amfissa
17%
Astypalaia
17%
Edessa
17%
Ios
17%
Myrina
17%
Petra
17%
Skala
17%
Veroia
17%
Argostolion
8%
Didymoteicho
8%
Fry
8%
Istiaia
8%
Kalloni
8%
Livadeia
8%
Nikiti
8%
Ormenio
8%
Polichnitos
8%
Pythagoreio
8%
Thivai
8%
Antimacheia
0%
No matching quizzes found
Score Distribution
Percent of People with Each Score
Percentile by Number Answered
Your Score History
You have not taken this quiz